Bociansky bocian

Podrobná bibliografia
Hlavný autor: Moravčík, Štefan, 1943- (Autor)
Médium: Článok
Jazyk:slovenčina
ISSN:1335-020X
Predmet:

MARC

LEADER 00000nab a2200000 a 4500
001 vtls011627256
003 SK-MaSNL
005 20260303082747.0
008 170504 2017xo m 000 0 slo
015 |a SNKBRB 2017/05 
038 |a KEKMK 
040 |a KEKMK  |b slo  |c KEKMK  |e AACR2 
041 |a slo 
044 |a xo  |c SK 
100 1 |a Moravčík, Štefan,  |d 1943-  |4 aut  |9 98697 
245 1 0 |a Bociansky bocian  |c Štefan Moravčík 
650 0 7 |a literatúra pre deti a mládež  |2 kekmk  |9 21893 
773 |t Fifík  |g Roč. 27, č. 8 (apríl 2017), s.10  |x 1335-020X 
958 |a DB 
999 |c 1789061  |d 1790991